[Event "Plzen, FSB A"]
[Site "?"]
[Date "2000.??.??"]
[Round "1"]
[White "Straka, Z."]
[Black "Chrz, P."]
[Result "1/2-1/2"]
[WhiteElo "1890"]
[BlackElo "2155"]
[PlyCount "55"]
[EventDate "2000.??.??"]
[Source "ChessBase"]
[SourceDate "1996.11.15"]

1. d4 e6 2. Nf3 c5 3. e4 cxd4 4. Nxd4 Nf6 5. Nc3 Nc6 6. Be3 Bb4 7. Nxc6 bxc6 8.
Bd3 d5 9. exd5 cxd5 10. O-O Qa5 11. Bd4 Ba6 12. Bxa6 Qxa6 13. Re1 Be7 14. Bxf6
gxf6 15. Qg4 O-O-O 16. Rad1 Qc6 17. Rd4 Bc5 18. Rd3 d4 19. Ne2 Rhg8 20. Qf3
Qxf3 21. Rxf3 f5 22. Rd1 Rd7 23. c3 Rg4 24. cxd4 Bxd4 25. Rfd3 e5 26. Nxd4 exd4
27. f3 Rg8 28. Rxd4 {remiz v 67. tahu} 1/2-1/2

[Event "Plzen, FSB A"]
[Site "?"]
[Date "2000.??.??"]
[Round "1"]
[White "Gritsch, C."]
[Black "Sedlacek, J."]
[Result "0-1"]
[WhiteElo "2155"]
[BlackElo "1865"]
[PlyCount "121"]
[EventDate "2000.??.??"]
[Source "ChessBase"]
[SourceDate "1996.11.15"]

1. e4 d5 2. Nc3 d4 3. Nce2 Nc6 4. Nf3 Bg4 5. Ng3 a6 6. Be2 Bxf3 7. Bxf3 d3 8.
cxd3 Qxd3 9. Be2 Qd4 10. O-O O-O-O 11. d3 e6 12. Rb1 Nf6 13. Be3 Qd7 14. Rc1
Bd6 15. f4 e5 16. f5 Be7 17. Qb3 Kb8 18. Kh1 Bd6 19. Rc2 Nd4 20. Bxd4 exd4 21.
Rfc1 Bf4 22. Rf1 Bxg3 23. hxg3 Nxe4 24. dxe4 d3 25. Bxd3 Qxd3 26. Qxd3 Rxd3 27.
f6 g6 28. Rf3 Rhd8 29. Kh2 Rd2 30. Rfc3 Rxc2 31. Rxc2 Re8 32. Re2 Re5 33. Kh3
Kc8 34. Kh4 Kd7 35. g4 h6 36. Rd2+ Ke6 37. Rd8 Kxf6 38. Rh8 Rxe4 39. Rc8 c6 40.
Rb8 Re3 41. g3 Re2 42. Kh3 Rxb2 43. a4 a5 44. Ra8 b6 45. Ra6 Ke6 46. g5 hxg5
47. Kg4 Kf6 48. Kf3 c5 49. g4 Ke5 50. Ra7 Ke6 51. Rb7 f5 52. Rc7 Kd5 53. Rg7
fxg4+ 54. Kxg4 Rb4+ 55. Kxg5 Rxa4 56. Rxg6 b5 57. Kf5 c4 58. Rg1 c3 59. Rd1+
Rd4 60. Re1 c2 61. Re5+ 0-1

[Event "Plzen, FSB A"]
[Site "?"]
[Date "2000.??.??"]
[Round "1"]
[White "Kalista, K."]
[Black "Birkenmaier, R."]
[Result "0-1"]
[WhiteElo "1860"]
[BlackElo "2150"]
[PlyCount "68"]
[EventDate "2000.??.??"]
[Source "ChessBase"]
[SourceDate "1996.11.15"]

1. d4 d5 2. c4 e6 3. Nc3 Nf6 4. Bg5 Be7 5. e3 O-O 6. Nf3 Nbd7 7. Rc1 c6 8. Bd3
dxc4 9. Bxc4 Nb6 10. Bd3 Nbd5 11. O-O Nxc3 12. bxc3 Qc7 13. e4 Nh5 14. Bxe7
Qxe7 15. g3 g6 16. e5 c5 17. Be2 Ng7 18. Nd2 cxd4 19. cxd4 Rd8 20. Ne4 Nf5 21.
Nf6+ Kg7 22. d5 exd5 23. Nxd5 Qxe5 24. Bc4 Be6 25. Re1 Qd4 26. Nc7 Qxd1 27.
Nxe6+ fxe6 28. Rcxd1 Nd4 29. Kg2 Kf6 30. f4 Rac8 31. Bd3 Nc2 32. Re4 Rc3 33.
Be2 Rxd1 34. Bxd1 Ne3+ 0-1

[Event "Plzen, FSB A"]
[Site "?"]
[Date "2000.??.??"]
[Round "1"]
[White "Hallerova, E."]
[Black "Horyna, J."]
[Result "0-1"]
[WhiteElo "2150"]
[BlackElo "1855"]
[PlyCount "118"]
[EventDate "2000.??.??"]
[Source "ChessBase"]
[SourceDate "1996.11.15"]

1. d4 Nf6 2. Nf3 g6 3. g3 Bg7 4. Bg2 O-O 5. O-O d6 6. c4 c6 7. Nc3 Nbd7 8. e4
Qc7 9. h3 a5 10. b3 e5 11. Ba3 Rd8 12. Rc1 exd4 13. Qxd4 Ne8 14. Qe3 Qb6 15.
Qe2 Ne5 16. Nd2 Be6 17. Kh2 f6 18. f4 Nd7 19. Nf3 Bf7 20. Na4 Qa6 21. Nc3 a4
22. Bb2 axb3 23. axb3 Qb6 24. Qc2 Nc5 25. Nd2 Nxb3 26. Nxb3 Bxc4 27. Nd2 Bxf1
28. Rxf1 Nc7 29. Nf3 Qb4 30. Ba1 Nb5 31. Nxb5 Qxb5 32. Nd4 Qa4 33. Qb1 Rd7 34.
Ne6 Qa2 35. Qd3 Qxe6 36. f5 Qe8 37. g4 Qf7 38. g5 fxg5 39. fxg6 Qxg6 40. Qb3+
Kh8 41. Bb2 Be5+ 42. Kg1 Qg7 43. Bc1 h6 44. Qe6 Re7 45. Qf5 Kg8 46. Bf3 Rf8 47.
Qg4 c5 48. Be2 Rxf1+ 49. Bxf1 Bd4+ 50. Kg2 Qf8 51. Bc4+ Kh7 52. Qg3 Be5 53. Qg4
Bd4 54. Qg3 Qf6 55. h4 g4 56. Be2 Be5 57. Qe1 g3 58. h5 Qh4 59. Bf3 Rf7 0-1

[Event "Plzen, FSB A"]
[Site "?"]
[Date "2000.??.??"]
[Round "1"]
[White "Houska, J."]
[Black "Ratolistka, J."]
[Result "1/2-1/2"]
[WhiteElo "1840"]
[BlackElo "2150"]
[PlyCount "44"]
[EventDate "2000.??.??"]
[Source "ChessBase"]
[SourceDate "1996.11.15"]

1. d4 d5 2. c4 e6 3. Nc3 c6 4. Nf3 Nf6 5. Bg5 Be7 6. e3 O-O 7. Qc2 Nbd7 8. Rd1
Re8 9. a3 Qa5 10. Bd3 dxc4 11. Bxc4 Nd5 12. Bxe7 Rxe7 13. O-O Nxc3 14. bxc3 g6
15. e4 Qh5 16. Rfe1 b5 17. Be2 Bb7 18. c4 bxc4 19. Ne5 Qg5 20. Nxc4 Ba6 21. Bf3
Bxc4 22. Qxc4 Nb6 1/2-1/2

[Event "Plzen, FSB A"]
[Site "?"]
[Date "2000.??.??"]
[Round "1"]
[White "Vreugdenhil, F."]
[Black "Hampek, M."]
[Result "1/2-1/2"]
[WhiteElo "2145"]
[BlackElo "1835"]
[PlyCount "51"]
[EventDate "2000.??.??"]
[Source "ChessBase"]
[SourceDate "1996.11.15"]

1. e4 c5 2. Nf3 e6 3. d4 cxd4 4. Nxd4 a6 5. c4 Nf6 6. Nc3 Bb4 7. e5 Ne4 8. Qg4
Nxc3 9. a3 Bf8 10. bxc3 Qa5 11. Qg3 Nc6 12. Nxc6 dxc6 13. Be2 b5 14. O-O Bb7
15. Bf3 Qc7 16. a4 bxc4 17. Rb1 Rb8 18. Be3 c5 19. Rb2 Bd5 20. Rfb1 Rxb2 21.
Rxb2 g6 22. Bxd5 exd5 23. Bf4 Bg7 24. e6 Qc6 25. exf7+ Kxf7 26. Qf3 1/2-1/2

[Event "Plzen, FSB A"]
[Site "?"]
[Date "2000.??.??"]
[Round "1"]
[White "Vymazal, B."]
[Black "Schauer, J."]
[Result "0-1"]
[WhiteElo "1830"]
[BlackElo "2140"]
[PlyCount "48"]
[EventDate "2000.??.??"]
[Source "ChessBase"]
[SourceDate "1996.11.15"]

1. e4 c5 2. Nf3 d6 3. d4 cxd4 4. Nxd4 Nf6 5. Nc3 e6 6. Bg5 Be7 7. Qd2 a6 8. f4
Qc7 9. Be2 Nbd7 10. O-O-O b5 11. f5 Ne5 12. fxe6 fxe6 13. Bxf6 Bxf6 14. Ndxb5
axb5 15. Nxb5 Qc5 16. Qxd6 Qxd6 17. Nxd6+ Ke7 18. Kb1 Ba6 19. Bxa6 Rxa6 20. Nb5
Rb8 21. Nd4 Rba8 22. a3 Rb6 23. c3 Nc4 24. b4 Rxa3 0-1

[Event "Plzen, FSB A"]
[Site "?"]
[Date "2000.??.??"]
[Round "1"]
[White "Svoboda, J."]
[Black "Jenicek, J."]
[Result "1-0"]
[WhiteElo "1820"]
[BlackElo "2135"]
[PlyCount "79"]
[EventDate "2000.??.??"]
[Source "ChessBase"]
[SourceDate "1996.11.15"]

1. e4 e5 2. Nf3 Nc6 3. c3 Nf6 4. d4 Nxe4 5. d5 Ne7 6. Nxe5 Ng6 7. Nxg6 fxg6 8.
Bd3 Nf6 9. O-O Be7 10. c4 O-O 11. b3 d6 12. Bb2 Ng4 13. Nc3 Bf6 14. Qc2 Be5 15.
g3 Qg5 16. Ne4 Qh5 17. h4 Bxb2 18. Qxb2 Ne5 19. Be2 Bg4 20. Bxg4 Qxg4 21. Ng5
Rf5 22. Kg2 Raf8 23. Rad1 h5 24. Rd4 Rf4 25. f3 Nxf3 26. Nxf3 Re4 27. Rxe4 Qxe4
28. Rf2 Re8 29. Qc2 Qe3 30. Qd2 Qe4 31. Qf4 Qb1 32. Ng5 Qf5 33. Qxf5 gxf5 34.
Ne6 g6 35. Nxc7 Re3 36. Nb5 a5 37. Nxd6 a4 38. Nxb7 axb3 39. axb3 Rxb3 40. Nd6
1-0

[Event "Plzen, FSB A"]
[Site "?"]
[Date "2000.??.??"]
[Round "1"]
[White "Kriz, L."]
[Black "Drahorad, D."]
[Result "1-0"]
[WhiteElo "2130"]
[BlackElo "1815"]
[PlyCount "79"]
[EventDate "2000.??.??"]
[Source "ChessBase"]
[SourceDate "1996.11.15"]

1. e4 e6 2. Nf3 d5 3. Nc3 dxe4 4. Nxe4 Nd7 5. d4 Ngf6 6. Ng3 Be7 7. Bd3 O-O 8.
c3 c5 9. O-O b6 10. Ne5 Bb7 11. f4 g6 12. Be3 Nd5 13. Bd2 cxd4 14. cxd4 Nxe5
15. fxe5 Nb4 16. Be3 Bg5 17. Qd2 Bxe3+ 18. Qxe3 Nxd3 19. Qxd3 Qd5 20. Rf2 Rac8
21. b3 Rc7 22. Re1 Rd8 23. Rd2 Qa5 24. Qe3 Rdc8 25. Ree2 Rc1+ 26. Kf2 R8c3 27.
Qg5 Rc8 28. Nh5 Qb4 29. Nf6+ Kg7 30. Nh5+ Kg8 31. h4 Ba6 32. a3 Qxb3 33. Re3
Qb5 34. Kg3 R1c3 35. Rxc3 Rxc3+ 36. Kh2 Rc8 37. Rf2 h6 38. Qf6 gxh5 39. Qxf7+
Kh8 40. Rf6 1-0

[Event "Plzen, FSB A"]
[Site "?"]
[Date "2000.??.??"]
[Round "1"]
[White "Marous, R."]
[Black "Burdova, K."]
[Result "0-1"]
[WhiteElo "1815"]
[BlackElo "2130"]
[PlyCount "60"]
[EventDate "2000.??.??"]
[Source "ChessBase"]
[SourceDate "1996.11.15"]

1. e4 c5 2. Ne2 e6 3. g3 Nc6 4. Bg2 Nge7 5. O-O g6 6. d4 cxd4 7. Nxd4 Bg7 8.
Be3 O-O 9. c3 f5 10. Nxc6 bxc6 11. Nd2 fxe4 12. Nxe4 d5 13. Nc5 Nf5 14. Qa4
Nxe3 15. fxe3 Qd6 16. Rxf8+ Bxf8 17. Nd3 c5 18. Qf4 Ba6 19. Ne5 Qe7 20. c4 Bb7
21. Rd1 Bg7 22. cxd5 exd5 23. Bxd5+ Bxd5 24. Rxd5 Rf8 25. Qc4 Kh8 26. Qxc5 Qf6
27. Rd1 Qxe5 28. Qxa7 Qf5 29. Qb7 Qf2+ 30. Kh1 Qxe3 0-1

[Event "Plzen, FSB A"]
[Site "?"]
[Date "2000.??.??"]
[Round "1"]
[White "Nosek, F."]
[Black "Vymetal, M."]
[Result "1/2-1/2"]
[WhiteElo "2125"]
[BlackElo "1810"]
[PlyCount "38"]
[EventDate "2000.??.??"]
[Source "ChessBase"]
[SourceDate "1996.11.15"]

1. e4 e6 2. d4 d5 3. exd5 exd5 4. Bd3 Bd6 5. Nf3 Nf6 6. Bg5 O-O 7. O-O Bg4 8.
Nbd2 Nbd7 9. c3 c6 10. Qc2 Qc7 11. Bh4 Bh5 12. Bg3 Bg6 13. Bxg6 hxg6 14. Rfe1
Rfe8 15. Rxe8+ Rxe8 16. Re1 Rxe1+ 17. Nxe1 Nh5 18. Qd3 Nxg3 19. hxg3 Nf6
1/2-1/2

[Event "Plzen, FSB A"]
[Site "?"]
[Date "2000.??.??"]
[Round "1"]
[White "Dvorak, M."]
[Black "Sladek, J."]
[Result "0-1"]
[WhiteElo "1800"]
[BlackElo "2125"]
[PlyCount "46"]
[EventDate "2000.??.??"]
[Source "ChessBase"]
[SourceDate "1996.11.15"]

1. c4 e5 2. Nc3 Nf6 3. g3 c6 4. Bg2 Bc5 5. Nf3 e4 6. Ng5 Bxf2+ 7. Kf1 Bb6 8.
Ngxe4 d5 9. cxd5 cxd5 10. Qa4+ Nc6 11. Nxf6+ Qxf6+ 12. Qf4 Qxf4+ 13. gxf4 d4
14. Nd5 Ba5 15. a3 Be6 16. b4 O-O-O 17. e4 dxe3 18. Nxe3 Bc7 19. Bb2 Rxd2 20.
Bxg7 Rg8 21. Bh6 Rgxg2 22. f5 Rgf2+ 23. Kg1 Nd4 0-1

[Event "Plzen, FSB A"]
[Site "?"]
[Date "2000.??.??"]
[Round "1"]
[White "Reitinger, P."]
[Black "Laznicka, V."]
[Result "1-0"]
[WhiteElo "2120"]
[BlackElo "1800"]
[PlyCount "107"]
[EventDate "2000.??.??"]
[Source "ChessBase"]
[SourceDate "1996.11.15"]

1. e4 e6 2. d4 d5 3. e5 c5 4. c3 Nc6 5. Nf3 Bd7 6. a3 Qb6 7. b4 cxd4 8. cxd4
Rc8 9. Be3 Nh6 10. Bd3 Nf5 11. O-O Be7 12. Nbd2 O-O 13. Nb3 Qd8 14. Nc5 b6 15.
Nxd7 Qxd7 16. Bb5 Qb7 17. Qd3 Nb8 18. Bd2 Nh4 19. Nxh4 Bxh4 20. f4 f5 21. exf6
Bxf6 22. Rae1 Qf7 23. Kh1 g6 24. Re2 a6 25. Ba4 Rc4 26. Be3 Rfc8 27. Rc2 Qe7
28. Rfc1 b5 29. Bb3 Rxc2 30. Rxc2 Qb7 31. g4 Rxc2 32. Bxc2 Qc6 33. f5 gxf5 34.
gxf5 Qc4 35. Qxc4 bxc4 36. fxe6 Kf8 37. Bf4 Nc6 38. Bd6+ Be7 39. Bc5 Bxc5 40.
dxc5 d4 41. Bxh7 d3 42. Kg2 Ne5 43. c6 Nxc6 44. Kf2 Nd4 45. Ke3 Nxe6 46. a4 Ke7
47. Bg8 d2 48. Kxd2 Nd4 49. Kc3 Nf3 50. Bxc4 Nxh2 51. Be2 Kd6 52. Kd4 Kc6 53.
Ke5 Kb7 54. Kf4 1-0

[Event "Plzen, FSB A"]
[Site "?"]
[Date "2000.??.??"]
[Round "1"]
[White "Priborsky, M."]
[Black "Nielsen, T."]
[Result "1-0"]
[WhiteElo "1795"]
[BlackElo "2115"]
[PlyCount "129"]
[EventDate "2000.??.??"]
[Source "ChessBase"]
[SourceDate "1996.11.15"]

1. e4 c5 2. c3 Nf6 3. e5 Nd5 4. d4 cxd4 5. Nf3 e6 6. cxd4 Nc6 7. Bc4 d6 8. O-O
Be7 9. Qe2 O-O 10. a3 a6 11. Bd3 f5 12. exf6 Nxf6 13. Nc3 Qe8 14. Ne4 d5 15.
Neg5 Bd6 16. Re1 Qh5 17. Qc2 Nd8 18. Nxh7 Bxh2+ 19. Nxh2 Nxh7 20. Bg6 Qh4 21.
Nf3 Rxf3 22. Bxh7+ Qxh7 23. Qxh7+ Kxh7 24. gxf3 Nc6 25. Be3 Bd7 26. f4 g6 27.
Kg2 Kg7 28. Rh1 Nd8 29. Rac1 Bc6 30. Rh2 Nf7 31. f3 Rc8 32. Rch1 Bb5 33. Rc1
Bc6 34. Bd2 Nd6 35. Bc3 Nf7 36. Rch1 Rg8 37. Kf2 Rc8 38. Rg1 Rg8 39. Rhg2 Kf6
40. Rh1 Kg7 41. Bb4 Kf6 42. Ba5 Rc8 43. Rhg1 Nh8 44. Bb4 Rd8 45. Bd2 Rg8 46. f5
Kxf5 47. Rg5+ Kf6 48. Bf4 Nf7 49. Be5+ Nxe5 50. dxe5+ Kf7 51. R5g4 Be8 52. Rh1
Kg7 53. f4 Bc6 54. Rgh4 d4 55. R1h2 g5 56. Rg4 Be8 57. Rxg5+ Bg6 58. Rhg2 Kh7
59. f5 exf5 60. e6 d3 61. e7 d2 62. Ke2 f4 63. Kxd2 f3 64. Rxg6 fxg2 65. Rxg8
1-0

[Event "Plzen, FSB A"]
[Site "?"]
[Date "2000.??.??"]
[Round "1"]
[White "Gutdeutsch, O."]
[Black "Jenc, M."]
[Result "1-0"]
[WhiteElo "2115"]
[BlackElo "1790"]
[PlyCount "43"]
[EventDate "2000.??.??"]
[Source "ChessBase"]
[SourceDate "1996.11.15"]

1. e4 c5 2. Nf3 d6 3. d4 cxd4 4. Nxd4 Nc6 5. Nc3 Nf6 6. Be2 g6 7. Be3 Bg7 8.
O-O O-O 9. Kh1 a6 10. f4 e6 11. Bf3 Nxd4 12. Bxd4 e5 13. fxe5 dxe5 14. Bxe5 Qb6
15. Bxf6 Bxf6 16. Nd5 Qxb2 17. Rb1 Qe5 18. Bg4 Bg7 19. Nb6 Bxg4 20. Qxg4 f5 21.
exf5 gxf5 22. Qc4+ 1-0

[Event "Plzen, FSB A"]
[Site "?"]
[Date "2000.??.??"]
[Round "1"]
[White "Zeleny, T."]
[Black "Hejberg, C."]
[Result "1/2-1/2"]
[WhiteElo "1785"]
[BlackElo "2115"]
[PlyCount "63"]
[EventDate "2000.??.??"]
[Source "ChessBase"]
[SourceDate "1996.11.15"]

1. e4 c6 2. Nf3 d5 3. Nc3 dxe4 4. Nxe4 Nf6 5. Nxf6+ gxf6 6. d4 Bf5 7. Bc4 e6 8.
O-O Qc7 9. Nh4 Bg6 10. Qe2 Nd7 11. c3 O-O-O 12. g3 Bd6 13. Nxg6 hxg6 14. a4 f5
15. f4 Rh3 16. Qc2 Nf6 17. Be2 g5 18. Bf3 gxf4 19. Bg2 Rh7 20. Bxf4 Ng4 21. h3
Bxf4 22. Rxf4 Nf6 23. Qf2 Nh5 24. Rxf5 Nxg3 25. Rg5 Nh5 26. Rf1 f6 27. Rg4 Rg7
28. Rxg7 Qxg7 29. Qe2 Qf7 30. Kh2 Rg8 31. Rf3 Kd7 32. Qe3 1/2-1/2

[Event "Plzen, FSB A"]
[Site "?"]
[Date "2000.??.??"]
[Round "2"]
[White "Palek, M."]
[Black "Mirumian, V."]
[Result "0-1"]
[WhiteElo "2225"]
[BlackElo "2555"]
[PlyCount "98"]
[EventDate "2000.??.??"]
[Source "ChessBase"]
[SourceDate "1996.11.15"]

1. e4 c5 2. Nf3 e6 3. d3 Nc6 4. Nbd2 g6 5. g3 Bg7 6. Bg2 Nge7 7. O-O d6 8. c3
O-O 9. Re1 e5 10. Nf1 h6 11. Ne3 Be6 12. Nh4 d5 13. f4 exf4 14. gxf4 d4 15. f5
Bc8 16. Ng4 h5 17. Nf2 dxc3 18. bxc3 Bxc3 19. Bh6 Bg7 20. Qd2 Nd4 21. Bxg7 Kxg7
22. f6+ Kxf6 23. Qh6 Ng8 24. e5+ Ke7 25. Qe3 Re8 26. Ne4 Kf8 27. Nf6 Rxe5 28.
Qxe5 Qxf6 29. Qxf6 Nxf6 30. Rf1 Kg7 31. Rab1 Rb8 32. Rb2 b5 33. Rbf2 Rb6 34.
Rc1 Ne6 35. Nf3 Ng4 36. Re2 Rd6 37. h3 Nh6 38. Ne5 Nf5 39. Be4 Nfd4 40. Rf2 f5
41. Bg2 Kf6 42. Re1 g5 43. a4 b4 44. Nc4 Rd8 45. h4 g4 46. Ref1 Ba6 47. Ne3
Bxd3 48. Rd1 Be2 49. Rc1 g3 0-1

[Event "Plzen, FSB A"]
[Site "?"]
[Date "2000.??.??"]
[Round "2"]
[White "Vokac, M."]
[Black "Dvorak, T."]
[Result "1/2-1/2"]
[WhiteElo "2520"]
[BlackElo "2220"]
[PlyCount "112"]
[EventDate "2000.??.??"]
[Source "ChessBase"]
[SourceDate "1996.11.15"]

1. d4 Nf6 2. c4 g6 3. Nc3 d5 4. cxd5 Nxd5 5. e4 Nxc3 6. bxc3 Bg7 7. Qa4+ Bd7 8.
Qb3 c5 9. d5 e6 10. Bd2 b6 11. Nf3 exd5 12. exd5 O-O 13. Be2 Bf5 14. Rd1 Nd7
15. O-O Nf6 16. Be3 Ne4 17. c4 Re8 18. Rc1 Nd6 19. h3 Rb8 20. Rfe1 Rb7 21. Bf1
Bf6 22. Bf4 Rbe7 23. Rxe7 Rxe7 24. g4 Bc8 25. Nd2 Bd4 26. Qf3 f6 27. Bd3 Be5
28. Be3 Qe8 29. Qd1 Bb2 30. Rb1 Rxe3 31. fxe3 Qxe3+ 32. Kg2 Qxd3 33. Rxb2 Nxc4
34. Qe1 Qxd5+ 35. Nf3 Nxb2 36. Qe8+ Kg7 37. Qxc8 Nd3 38. Qc7+ Qf7 39. Qd8 Qxa2+
40. Kh1 Qb1+ 41. Ng1 Ne5 42. Qe7+ Nf7 43. Kg2 Qb2+ 44. Kf3 a5 45. Ne2 Qe5 46.
Qb7 Qd6 47. Nf4 a4 48. Qa7 b5 49. h4 c4 50. h5 g5 51. Ng2 Qd5+ 52. Kf2 Qd2+ 53.
Kg3 Qd6+ 54. Kf3 Kf8 55. Ne3 c3 56. Ke2 Ne5 1/2-1/2

[Event "Plzen, FSB A"]
[Site "?"]
[Date "2000.??.??"]
[Round "2"]
[White "Orsag, M."]
[Black "Votava, J."]
[Result "1/2-1/2"]
[WhiteElo "2205"]
[BlackElo "2505"]
[PlyCount "88"]
[EventDate "2000.??.??"]
[Source "ChessBase"]
[SourceDate "1996.11.15"]

1. e4 c5 2. Nc3 e6 3. g3 b6 4. Bg2 Bb7 5. d3 d5 6. f4 dxe4 7. Nxe4 Nc6 8. Nf3
Be7 9. Qe2 Nf6 10. Ne5 Qc7 11. O-O O-O 12. Nxc6 Bxc6 13. f5 exf5 14. Rxf5 Rae8
15. Bd2 Nxe4 16. Bxe4 Bxe4 17. dxe4 c4 18. Raf1 Bc5+ 19. Kg2 Bd6 20. Qf3 Re6
21. Bc3 Qe7 22. Qg4 Be5 23. Bxe5 Rxe5 24. Rxe5 Qxe5 25. c3 Re8 26. Rd1 h5 27.
Qf3 Qxe4 28. Qxe4 Rxe4 29. Kf3 Re7 30. Rd8+ Kh7 31. Rc8 Rd7 32. Ke2 Re7+ 33.
Kf3 g5 34. Rxc4 g4+ 35. Kf2 Kg6 36. Rd4 f5 37. c4 Kg5 38. b4 h4 39. c5 bxc5 40.
bxc5 Rb7 41. Rd2 f4 42. gxf4+ Kxf4 43. c6 g3+ 44. hxg3+ hxg3+ 1/2-1/2

[Event "Plzen, FSB A"]
[Site "?"]
[Date "2000.??.??"]
[Round "2"]
[White "Gross, D."]
[Black "Hrbolka jr., L."]
[Result "0-1"]
[WhiteElo "2465"]
[BlackElo "2165"]
[PlyCount "92"]
[EventDate "2000.??.??"]
[Source "ChessBase"]
[SourceDate "1996.11.15"]

1. Nf3 Nf6 2. g3 g6 3. Bg2 Bg7 4. O-O O-O 5. d3 d6 6. c4 e5 7. Nc3 Nc6 8. Rb1
Bg4 9. b4 Qd7 10. b5 Nd8 11. c5 Bxf3 12. Bxf3 d5 13. Qa4 c6 14. bxc6 bxc6 15.
Ba3 h5 16. Qa6 Nh7 17. Na4 Ne6 18. e3 Neg5 19. Bg2 e4 20. dxe4 dxe4 21. Rfd1
Nh3+ 22. Kf1 Qf5 23. Qe2 N7g5 24. Bb2 Bxb2 25. Rxb2 Rad8 26. Rbd2 Rd3 27. Nb2
Rxd2 28. Rxd2 Qxc5 29. Bxh3 Nxh3 30. Kg2 Ng5 31. h4 Nf3 32. Rd1 Qf5 33. Qc2 Qg4
34. Kf1 Qh3+ 35. Ke2 Qg4 36. Kf1 Ne5 37. Rd4 Qh3+ 38. Ke2 Qg4+ 39. Kf1 Rb8 40.
Nd1 Qh3+ 41. Ke2 Qg4+ 42. Kf1 Nd3 43. Ra4 Rb5 44. Qe2 Qh3+ 45. Kg1 f5 46. Qd2
Rd5 0-1

[Event "Plzen, FSB A"]
[Site "?"]
[Date "2000.??.??"]
[Round "2"]
[White "Bartos, J."]
[Black "Volosin, L."]
[Result "1-0"]
[WhiteElo "2175"]
[BlackElo "2455"]
[PlyCount "95"]
[EventDate "2000.??.??"]
[Source "ChessBase"]
[SourceDate "1996.11.15"]

1. d4 Nf6 2. c4 e6 3. Nc3 Bb4 4. Qc2 c5 5. dxc5 Na6 6. a3 Bxc3+ 7. Qxc3 Nxc5 8.
b4 Nce4 9. Qd4 d5 10. cxd5 exd5 11. Bb2 O-O 12. e3 a5 13. Bd3 Be6 14. Ne2 Qe7
15. O-O Rfd8 16. Rfd1 h6 17. Ng3 Nd6 18. Qh4 Kf8 19. bxa5 Rxa5 20. Bc3 Raa8 21.
Bb4 Qc7 22. e4 dxe4 23. Nxe4 Nfxe4 24. Qxe4 Qe7 25. Qf4 Bb3 26. Re1 Qf6 27. Qe4
g6 28. Qxb7 Kg8 29. Bxd6 Qxd6 30. Qxb3 Rab8 31. Bb5 Qf6 32. a4 Rd2 33. Qe3 Rbd8
34. h3 Qb2 35. Rab1 Qf6 36. a5 Ra2 37. a6 h5 38. Bf1 h4 39. Rb6 Qf5 40. Rb5 Qf6
41. Re5 Kg7 42. Re4 Rdd2 43. Rf4 Qd8 44. Qe5+ f6 45. Qe7+ Qxe7 46. Rxe7+ Kf8
47. Rb7 Ra1 48. Rxf6+ 1-0

[Event "Plzen, FSB A"]
[Site "?"]
[Date "2000.??.??"]
[Round "2"]
[White "Konopka, M."]
[Black "Kreiser, U."]
[Result "1-0"]
[WhiteElo "2450"]
[BlackElo "2155"]
[PlyCount "33"]
[EventDate "2000.??.??"]
[Source "ChessBase"]
[SourceDate "1996.11.15"]

1. Nf3 f5 2. d4 Nf6 3. g3 g6 4. b3 Bg7 5. Bb2 d6 6. Bg2 O-O 7. O-O c6 8. Nbd2
Na6 9. Ne1 e5 10. dxe5 Ng4 11. Nc4 d5 12. Nd6 Be6 13. Nd3 b6 14. c4 Nxe5 15.
Bxe5 Bxe5 16. Nxe5 Qxd6 17. Nxc6 1-0

[Event "Plzen, FSB A"]
[Site "?"]
[Date "2000.??.??"]
[Round "2"]
[White "Lechtynsky, J."]
[Black "Vyhnalek, B."]
[Result "1-0"]
[WhiteElo "2405"]
[BlackElo "2155"]
[PlyCount "61"]
[EventDate "2000.??.??"]
[Source "ChessBase"]
[SourceDate "1996.11.15"]

1. Nf3 Nf6 2. c4 g6 3. Nc3 Bg7 4. d4 O-O 5. Bg5 c5 6. d5 h6 7. Bf4 d6 8. e4 Nh5
9. Be3 Na6 10. Be2 b6 11. h3 Nc7 12. Qd2 Kh7 13. g4 Nf6 14. g5 Ng8 15. gxh6
Bxh6 16. h4 f6 17. Ng5+ Kg7 18. O-O-O Bd7 19. f4 a6 20. h5 fxg5 21. fxg5 Be8
22. Rdg1 e5 23. dxe6 Nxe6 24. gxh6+ Kh7 25. hxg6+ Bxg6 26. Rxg6 Kxg6 27. Bg4
Nd4 28. h7 Nf6 29. Bxd4 cxd4 30. Be6 Kg7 31. Qg5+ 1-0

[Event "Plzen, FSB A"]
[Site "?"]
[Date "2000.??.??"]
[Round "2"]
[White "Kuklin, V."]
[Black "Vavra, P."]
[Result "0-1"]
[WhiteElo "2170"]
[BlackElo "2390"]
[PlyCount "70"]
[EventDate "2000.??.??"]
[Source "ChessBase"]
[SourceDate "1996.11.15"]

1. e4 c5 2. Nc3 Nc6 3. g3 g6 4. Bg2 Bg7 5. d3 e6 6. Be3 d6 7. Qd2 h5 8. Nge2
Nf6 9. h3 Bd7 10. d4 cxd4 11. Nxd4 a6 12. Nxc6 Bxc6 13. O-O-O Bf8 14. Bf4 Qa5
15. Rhg1 O-O-O 16. Bg5 Qxg5 17. Qxg5 Bh6 18. Qxh6 Rxh6 19. h4 Ng4 20. Rd2 Rh7
21. Bh3 f5 22. Re1 e5 23. f3 Nh6 24. Nd5 Kb8 25. exf5 gxf5 26. f4 e4 27. Nf6
Rf7 28. Nd5 Rg8 29. Rg1 Rfg7 30. Nb4 Rxg3 31. Rxg3 Rxg3 32. Nxc6+ bxc6 33. Rxd6
Rxh3 34. Rxh6 Rxh4 35. Rxc6 Rxf4 {dale necitelne} 0-1

[Event "Plzen, FSB A"]
[Site "?"]
[Date "2000.??.??"]
[Round "2"]
[White "Zvara, P."]
[Black "Weiss, O."]
[Result "1/2-1/2"]
[WhiteElo "2360"]
[BlackElo "2140"]
[PlyCount "103"]
[EventDate "2000.??.??"]
[Source "ChessBase"]
[SourceDate "1996.11.15"]

1. e4 e6 2. d4 d5 3. e5 c5 4. c3 Nc6 5. Nf3 Qb6 6. Be2 cxd4 7. cxd4 Nh6 8. Nc3
Nf5 9. Na4 Qa5+ 10. Bd2 Bb4 11. Bc3 b5 12. a3 Bxc3+ 13. Nxc3 b4 14. axb4 Qxb4
15. Bb5 Bd7 16. Bxc6 Bxc6 17. Qd3 Qc4 18. Qxc4 dxc4 19. O-O-O O-O-O 20. d5 Bxd5
21. Nxd5 exd5 22. g4 Ne7 23. Ng5 Rdf8 24. f4 h6 25. Nf3 Rd8 26. Nd4 a6 27. f5
Kc7 28. e6 Nc6 29. Rhe1 Nxd4 30. Rxd4 Rhe8 31. Re5 Kc6 32. Rd1 fxe6 33. fxe6
Re7 34. Kc2 Rd6 35. Kc3 Kc5 36. Rd4 Rexe6 37. Rdxd5+ Rxd5 38. Rxe6 Rd3+ 39. Kc2
a5 40. Rg6 Rh3 41. Rxg7 Rxh2+ 42. Kc3 Rh3+ 43. Kc2 Kd4 44. Rd7+ Ke4 45. Rc7 Kd4
46. Rd7+ Kc5 47. Rg7 Rg3 48. Rg6 Kb5 49. Rxh6 Rxg4 50. Rh8 Kb4 51. Rb8+ Kc5 52.
Ra8 1/2-1/2

[Event "Plzen, FSB A"]
[Site "?"]
[Date "2000.??.??"]
[Round "2"]
[White "Smistik, M."]
[Black "Freisler, P."]
[Result "1/2-1/2"]
[WhiteElo "2165"]
[BlackElo "2360"]
[PlyCount "60"]
[EventDate "2000.??.??"]
[Source "ChessBase"]
[SourceDate "1996.11.15"]

1. e4 Nf6 2. e5 Nd5 3. d4 d6 4. Nf3 c6 5. c4 Nc7 6. Nc3 dxe5 7. Nxe5 Nd7 8. Be3
Nxe5 9. dxe5 Qxd1+ 10. Rxd1 Bf5 11. Bd3 e6 12. Ne4 Bxe4 13. Bxe4 Na6 14. Ke2
Nc5 15. Bc2 a5 16. Rd2 Rd8 17. Rhd1 Rxd2+ 18. Bxd2 b6 19. Be3 Be7 20. Bxc5 Bxc5
21. Be4 Ke7 22. Bxc6 Rd8 23. Rxd8 Kxd8 24. f4 Bd4 25. b3 h6 26. Kf3 Ke7 27. Ke4
Bg1 28. h3 h5 29. g4 hxg4 30. hxg4 g6 1/2-1/2

[Event "Plzen, FSB A"]
[Site "?"]
[Date "2000.??.??"]
[Round "2"]
[White "Dolezal jr., R."]
[Black "Kriz, L."]
[Result "1/2-1/2"]
[WhiteElo "2355"]
[BlackElo "2130"]
[PlyCount "85"]
[EventDate "2000.??.??"]
[Source "ChessBase"]
[SourceDate "1996.11.15"]

1. e4 c5 2. c3 d5 3. exd5 Qxd5 4. d4 e6 5. Nf3 Nf6 6. Be3 Ng4 7. Bg5 Be7 8.
Bxe7 Kxe7 9. Nbd2 cxd4 10. Bc4 Qd7 11. cxd4 b6 12. O-O Bb7 13. Qe2 Re8 14. Rad1
Kf8 15. Ne4 Qe7 16. Nfg5 Nh6 17. Qh5 Kg8 18. Rfe1 Nd7 19. Bd3 Nf8 20. Nc3 Ng6
21. d5 Nf4 22. Bxh7+ Kh8 23. Qh4 e5 24. Bc2 Rad8 25. Be4 f6 26. Nh3 Nxh3+ 27.
Qxh3 Qf7 28. d6 Bxe4 29. Nxe4 f5 30. Nc3 Re6 31. Qg3 f4 32. Qg5 Qf6 33. Qxf6
gxf6 34. d7 Nf5 35. Nb5 a5 36. g3 fxg3 37. fxg3 Re7 38. g4 Nh6 39. h3 Rexd7 40.
Rxd7 Rxd7 41. Kf2 Nf7 42. Ke3 Nd6 43. Nxd6 1/2-1/2